Normal view
MARC view
- Alam Faquri
Entry Personal Name
001 - CONTROL NUMBER
- control field: 77176
003 - CONTROL NUMBER IDENTIFIER
- control field: NUST
005 - DATE AND TIME OF LATEST TRANSACTION
- control field: 20210628205828.0
008 - FIXED-LENGTH DATA ELEMENTS
- fixed length control field: 210628|| aca||aabn | a|a d
040 ## - CATALOGING SOURCE
- Original cataloging agency: NUST
- Transcribing agency: NUST
100 ## - HEADING--PERSONAL NAME
- Personal name: Alam Faquri
670 ## - SOURCE DATA FOUND
- Source citation: Work cat.: (NUST): Alam Faquri, Allah say dosti, 1992
